000 00781 a2200253 4500
020 _a969-8156-09-7
020 _a969-8156-03-8 (hela verket)
040 _aDLC
_bDLC
082 _a954.9042092
082 _a954.9042092
100 1 _aJinnah, Mahomed Ali
245 0 0 _aQuaid-I-Azam Mohammad Ali Jinnah papers.Vol. 5
_pPakistan: pangs of birth : 15 August-30 September 1947
246 1 4 _aJinnah papers.
250 _a1. ed.
260 _aIslamabad :
_bNational Archives of Pakistan,
_c2000
300 _a725 s. :
_bill., kartor
490 0 _aFirst series
600 1 4 _aJinnah, Mahomed Ali
600 1 4 _aJinnah, Mahomed Ali
700 1 _aZaidi, Z. H.
_4oth
710 2 _aNational Archives of Pakistan
740 0 _aPakistan: pangs of birth
942 _cBK
_k954.035 ZAI
_2ddc
999 _c5282
_d5282